The engineering of large dams. Part 1 /

Uloženo v:
Podrobná bibliografie
Hlavní autor: Thomas, Henry H. (Autor)
Médium: Kniha
Jazyk:čeština
Vydáno: London : John Wiley & Sons, 1976
Edice:rz1
On-line přístup: Získat plný text
Tagy: Přidat tag
Žádné tagy, Buďte první, kdo vytvoří štítek k tomuto záznamu!

MARC

LEADER 00000cam a2200000 4500
003 SK-BrCVT
005 20220618094153.0
008 091130s1976 cs e ||||||cze d
035 |a CVTIDWR047896 
040 |a    |b slo  |c    |d   
041 0 |a cze 
044 |a cs 
100 |a Thomas, Henry H.  |4 aut 
245 1 4 |a The engineering of large dams.  |n Part 1 /  |c Henry H. Thomas 
260 3 |a London :  |b John Wiley & Sons,  |c 1976 
300 |a 376 s. 
830 |a rz1 
974 |f Knihy 
999 |c 225864  |d 225864